000 00296nam a2200109Ia 4500
008 220120s9999||||xx |||||||||||||| ||und||
100 _aRao, Ganesh. D
245 0 _aControle systems: A simplified approach
260 _aSanguin publication
_bBangalore
_c2004
300 _b0
650 _aELECTRONICS
999 _c136875
_d136875